000 00438nam a2200181Ia 4500
001 17167
005 20260306170405.0
008 260306t2018||||xx |||||||||||||| ||und||
041 _aESP
082 _a657.48
_bG84 2018
100 _aGuajardo Cantú, Gerardo,
_eAUT
245 0 _aContabilidad financiera
260 _c2018
300 _axxii, 566 páginas :
_c27 cm.
650 _aGEN
654 _aCCO
942 _cLIB
_dJUS
_fJUS
_2ddc
_n
999 _c17167
_d17167